Указатель фабрик и заводов окраин России: Царства Польского, Кавказа, Сибири и Средне-Азиатских владений: Материалы для фабрично-заводской статистики

Bibliographic Details
Main Author: Орлов П. А. Петр Александрович
Summary:Текст в русской дореформенной орфографии
Раздельная пагинация страниц
Language:Russian
Published: Санкт-Петербург, Типография В. Киршбаума, 1895
Subjects:
Format: Book
KOHA link:https://koha.lib.tpu.ru/cgi-bin/koha/opac-detail.pl?biblionumber=305068

MARC

LEADER 00000nam0a2200000 4500
001 305068
005 20231102001750.0
035 |a (RuTPU)RU\TPU\book\330334 
090 |a 305068 
100 |a 20150923d1895 m y0rusy50 ca 
101 0 |a rus 
102 |a RU 
105 |a a z 001zy 
200 1 |a Указатель фабрик и заводов окраин России: Царства Польского, Кавказа, Сибири и Средне-Азиатских владений  |e Материалы для фабрично-заводской статистики  |f П. А. Орлов 
210 |a Санкт-Петербург  |c Типография В. Киршбаума  |d 1895 
215 |a [2], II, XVI, 261 с.  |c табл. 
300 |a Текст в русской дореформенной орфографии 
300 |a Раздельная пагинация страниц 
317 |5 63413507: 75//312  |a Поступил в НТБ в 1900 г. в составе книжного собрания С. Н. Кулибина 
320 |a Алф. указ. владельцев фабрик и заводов, по губерниям и областям: с. 241-261 
606 1 |a Промышленная статистика  |2 stltpush  |3 (RuTPU)RU\TPU\subj\36772  |9 58031 
610 1 |a статистика 
610 1 |a статистические данные 
610 1 |a 19 век 
610 1 |a Россия 
610 1 |a Царство Польское 
610 1 |a Кавказ 
610 1 |a Сибирь 
610 1 |a Средняя Азия 
610 1 |a Российская империя 
610 1 |a справочные издания 
610 1 |a Библиотека Кулибиных 
686 |a У051.9(2)30  |v LBC/SL-A  |2 rubbk 
700 1 |a Орлов  |b П. А.  |g Петр Александрович 
801 1 |a RU  |b 63413507  |c 20150923 
801 2 |a RU  |b 63413507  |c 20210604  |g RCR 
942 |c BK